000 01103nam a2200277 a 4500
001 000013484
005 20250205122719.0
008 091125t1986 dr 000 0 spa d
040 _aDO-SdBNP
_bspa
_cBNPHU
082 _a347.016
_bP645t
100 1 _aPina Toribio, César
_916867
245 1 0 _aTemas notariales /
_cCésar Pina Toribio ; prólogo Magnolio Pujols.
260 _aSanto Domingo :
_bUniversitaria,
_c1986.
300 _a97 p. ;
_c20 cm.
490 1 _aPublicaciones de la Universidad Autónoma de Santo Domingo
_v504
490 1 _aDerecho y Política
_v4
500 _aIncluye datos biográficos del autor en la contracubierta.
500 _aIncluye notas al final de capítulos.
590 _aInventariado, 2018/LP
650 4 _aDerecho notarial
_xHistoria
_xEnsayos, conferencias, etc.
_930809
700 1 2 _aPujols, Magnolio,
_epról.
_930810
710 1 2 _aUniversidad Autónoma de Santo Domingo
_972951
830 0 _aPublicaciones de la Universidad Autónoma de Santo Domingo ;
_n504
_930811
830 0 _aDerecho Política ;
_n4
_930812
910 _aValidado. Control de calidad EMS.
999 _c13108
_d13108